00893cam a2200253 a 450000100060000000300080000600500170001400800410003102000160007202000150008803500190010304000320012204100080015408200290016224501120019126000780030330000350038150400360041665000470045265100640049970000240056370000270058770000250061452259BD-RjUL20211209075756.01609 s1975 enka b 001 0 eng  a0199200734  a0199200742 a(BD-RjUL)52379 aDLCcDLCdDLCdBD-RjULbeng aeng00223a338.911724bECO 197510aEconomy-wide models and development planning /cedited by Charles R. Blitzer, Peter B. Clark, Lance Taylor. aLondon :bPublished for the World Bank by Oxford University Press,cc1975 axiii, 369 p. :bill. ;c24 cm. aIncludes Bibliography and index 0aEconomic developmentxMathematical models. 0aDeveloping countriesxEconomic policyxMathematical models.1 aBlitzer, Charles R.1 aClark, Peter B.d1934-1 aTaylor, Lanced1940-